LDR 00793naa#a2200145#i#450# 001 RU\INFRA-M\bibl\14679 005 20260418145402.6 100 ## _a20250114b2025####ek#y0rusy0150####ca 102 ## _aRU 200 1# _aСОВЕРШЕНСТВОВАНИЕ СИСТЕМЫ УПРАВЛЕНИЯ МАТЕРИАЛЬНО- ТЕХНИЧЕСКИМ ОБЕСПЕЧЕНИЕМ МЕТАЛЛОКОНСТРУКЦИЙ КОМПАНИИ «АО НИПИГАЗ» _eСтатья/тезисы конференции 210 1# _aМосква _cОбщество с ограниченной ответственностью «Научно-издательский центр ИНФРА-М» _d2025 215 ## _a2 с. 608 ## _aСтатья/тезисы конференции _2local 700 #1 _aТелевинов _gН. В. 856 4# _azh-szf.ru _u